International Management : (Record no. 13681)
[ view plain ]
| 000 -LEADER | |
|---|---|
| fixed length control field | 02126cam a2200373 a 4500 |
| 001 - CONTROL NUMBER | |
| control field | 15140689 |
| 005 - DATE AND TIME OF LATEST TRANSACTION | |
| control field | 20091119123552.0 |
| 008 - FIXED-LENGTH DATA ELEMENTS--GENERAL INFORMATION | |
| fixed length control field | 080114s2009 mauab |rb 001 0 eng |
| 010 ## - LIBRARY OF CONGRESS CONTROL NUMBER | |
| LC control number | 2008001613 |
| 020 ## - INTERNATIONAL STANDARD BOOK NUMBER | |
| International Standard Book Number | 9780073381190 (alk. paper) |
| 020 ## - INTERNATIONAL STANDARD BOOK NUMBER | |
| International Standard Book Number | 0073381195 (alk. paper) |
| 035 ## - SYSTEM CONTROL NUMBER | |
| System control number | (OCoLC)ocn190843558 |
| 035 ## - SYSTEM CONTROL NUMBER | |
| System control number | (OCoLC)190843558 |
| Canceled/invalid control number | (OCoLC)192082932 |
| 040 ## - CATALOGING SOURCE | |
| Original cataloging agency | DLC |
| Transcribing agency | DLC |
| Modifying agency | BTCTA |
| -- | BAKER |
| -- | C#P |
| -- | BWX |
| -- | DLC |
| 050 00 - LIBRARY OF CONGRESS CALL NUMBER | |
| Classification number | HD62.4 |
| Item number | .H63 2009 |
| 082 00 - DEWEY DECIMAL CLASSIFICATION NUMBER | |
| Classification number | 658.049 |
| Edition number | 22 |
| Item number | LUT |
| 100 1# - MAIN ENTRY--PERSONAL NAME | |
| Personal name | Luthans, Fred. |
| 9 (RLIN) | 12680 |
| 245 10 - TITLE STATEMENT | |
| Title | International Management : |
| Remainder of title | culture, strategy, and behavior/ |
| Statement of responsibility, etc | Fred Luthans, Jonathan P. Doh. |
| 250 ## - EDITION STATEMENT | |
| Edition statement | 7th ed. |
| 260 ## - PUBLICATION, DISTRIBUTION, ETC. (IMPRINT) | |
| Place of publication, distribution, etc | Boston : |
| Name of publisher, distributor, etc | McGraw-Hill Irwin, 2009 |
| Date of publication, distribution, etc | c2009. |
| 300 ## - PHYSICAL DESCRIPTION | |
| Extent | xxvii, 619 p. : |
| Other physical details | ill. (some col.), col. map ; |
| Dimensions | 29 cm. |
| 504 ## - BIBLIOGRAPHY, ETC. NOTE | |
| Bibliography, etc | Includes bibliographical references (p. 568-571) and indexes. |
| 650 #0 - SUBJECT ADDED ENTRY--TOPICAL TERM | |
| Topical term or geographic name as entry element | International business enterprises |
| General subdivision | Management. |
| 9 (RLIN) | 12681 |
| 650 #0 - SUBJECT ADDED ENTRY--TOPICAL TERM | |
| Topical term or geographic name as entry element | International business enterprises |
| General subdivision | Management |
| Form subdivision | Case studies. |
| 9 (RLIN) | 12682 |
| 700 1# - ADDED ENTRY--PERSONAL NAME | |
| Personal name | Doh, Jonathan P. |
| 9 (RLIN) | 12683 |
| 856 42 - ELECTRONIC LOCATION AND ACCESS | |
| Materials specified | Contributor biographical information |
| Uniform Resource Identifier | <a href="http://www.loc.gov/catdir/enhancements/fy0808/2008001613-b.html">http://www.loc.gov/catdir/enhancements/fy0808/2008001613-b.html</a> |
| 856 42 - ELECTRONIC LOCATION AND ACCESS | |
| Materials specified | Publisher description |
| Uniform Resource Identifier | <a href="http://www.loc.gov/catdir/enhancements/fy0808/2008001613-d.html">http://www.loc.gov/catdir/enhancements/fy0808/2008001613-d.html</a> |
| 856 41 - ELECTRONIC LOCATION AND ACCESS | |
| Materials specified | Table of contents only |
| Uniform Resource Identifier | <a href="http://www.loc.gov/catdir/enhancements/fy0808/2008001613-t.html">http://www.loc.gov/catdir/enhancements/fy0808/2008001613-t.html</a> |
| 942 ## - ADDED ENTRY ELEMENTS (KOHA) | |
| Source of classification or shelving scheme | Dewey Decimal Classification |
| Item type | NB - Book (Non borrowing) |
| Withdrawn status | Item status | Source of classification or shelving scheme | Damaged status | Not for loan | Vendor | Home library | Current library | Shelving location | Date acquired | Source of acquisition | Total Checkouts | Full call number | Barcode | Date last seen | Date last borrowed | Koha item type | Total Renewals | Materials specified (bound volume or other part) |
|---|---|---|---|---|---|---|---|---|---|---|---|---|---|---|---|---|---|---|
| Dewey Decimal Classification | Baccah | Central Library | Central Library | First floor | 15/03/2010 | 12 | 658.049 LUT | 000020209 | 15/07/2025 | 22/04/2013 | NB - Book (Non borrowing) | |||||||
| Dewey Decimal Classification | Baccah | Central Library | Central Library | First floor | 15/03/2010 | 17 | 658.049 LUT | 000020210 | 04/01/2026 | 20/12/2025 | Book - Borrowing | 48 | ||||||
| Lost | Dewey Decimal Classification | Baccah | Central Library | Central Library | First floor | 15/03/2010 | 4 | 658.049 LUT | 000020211 | 12/07/2011 | 05/05/2011 | Book - Borrowing | 15 | Lost In Inventory_2015-8-23 |